Normal view
MARC view
Entry Topical Term
001 - CONTROL NUMBER
- control field: 26254
003 - CONTROL NUMBER IDENTIFIER
- control field: dpl
005 - DATE AND TIME OF LATEST TRANSACTION
- control field: 20110225162132.0
008 - FIXED-LENGTH DATA ELEMENTS
- fixed length control field: 110225|||a|||||| | ||| d
040 ## - CATALOGING SOURCE
- Original cataloging agency: dpl
- Transcribing agency: dpl
150 ## - HEADING--TOPICAL TERM
- Topical term or geographic name as entry element: Hindi Fiction
670 ## - SOURCE DATA FOUND
- Source citation: Work cat.: (dpl)45305: 19362 भारद्वाज, हरि, भारतीय संतों की श्रेष्ठ कथाएं /, 2010
670 ## - SOURCE DATA FOUND
- Source citation: Work cat.: (dpl)45305: 19362 भारद्वाज, हरि, भारतीय संतों की श्रेष्ठ कथाएं /, 2010
